BIBLIOTECA

SENCICO

Quincha como material de construcción (Registro nro. 3311)

Detalles MARC
000 -LEADER
fixed length control field 00694nam a2200193Ia 4500
005 - DATE AND TIME OF LATEST TRANSACTION
control field 20251020182610.0
008 - FIXED-LENGTH DATA ELEMENTS--GENERAL INFORMATION
fixed length control field 200515s9999 xx 000 0 und d
082 ## - DEWEY DECIMAL CLASSIFICATION NUMBER
Classification number SC/624.011/V34
100 ## - MAIN ENTRY--PERSONAL NAME
Personal name VASQUEZ, Nelson
245 #0 - TITLE STATEMENT
Title Quincha como material de construcción
260 ## - PUBLICATION, DISTRIBUTION, ETC.
Place of publication, distribution, etc. Lima
260 ## - PUBLICATION, DISTRIBUTION, ETC.
Date of publication, distribution, etc. 1972
300 ## - PHYSICAL DESCRIPTION
Extent 64
520 ## - SUMMARY, ETC.
Summary, etc. En base a los resultados de los ensayos se hace el diseño estructural de una vivienda tipo y con sus planos respectivos, al mismo tiempo que se hace un presupuesto analítico, tomando en cuenta costos de Lima y otro en base a costos de provincias
650 ## - SUBJECT ADDED ENTRY--TOPICAL TERM
Topical term or geographic name entry element PANELES DE QUINCHA
650 ## - SUBJECT ADDED ENTRY--TOPICAL TERM
Topical term or geographic name entry element QUINCHA
650 ## - SUBJECT ADDED ENTRY--TOPICAL TERM
Topical term or geographic name entry element QUINCHA PREFABRICADA
942 ## - ADDED ENTRY ELEMENTS (KOHA)
Koha item type Libros
Existencias
Fecha de la última vez que lo usaron Pago total Signatura topográfica completa Código de barras Precio efectivo desde Tipo de documento Estado perdido Estado dañado No es para préstamo Retirado Ubicación permanente Ubicación actual Fecha de adquisición
15/05/2020   SC/624.011/V34 Bib-Lima15053311 15/05/2020 Libros         Biblioteca Central Lima Biblioteca Central Lima 15/05/2020